000 01159nam a22003257a 4500
001 00045
003 DO-SdBNP
005 20240313095101.0
007 00045
008 160901b 2007 mx ||| 00| 0 spa d
020 _a9789705801198
040 _aBPMSU
_bspa
_cBPMSU
082 4 _a923.5
_bL776g 2007
_222
100 1 _aGoldfarb, Alex
_d1947-
245 1 0 _aMuerte de un disidente :
_bel envenenamiento de Alexánder Litvinenko y el regreso del KGB /
_cAlex Goldfarb y Marina Litvinenko ; traducción de Jesús Cuéllar Menezo y Miguel Martínez-Lage.
260 _aMéxico, D. F. :
_bTaurus,
_c2007.
_b
300 _a467 p. ;
_c24 cm.
490 0 _aPensamiento
500 _aIncluye datos biográficos de los autores en la solapa de la cubierta
500 _a
534 _pTítulo original :
_tDeath of a dissident.
590 _aInventariado, 2024/VM
600 1 4 _aLetvinenko, Alexánder
_d1962-2006
650 4 _aServicio de inteligencia
_zRusia.
700 1 _aLitvinenko, Marina
_eautora
700 1 _aCuéllar Menezo, Jesús
_etr.
700 1 _aMartínez-Lage, Miguel
910 _aVMateo V. Control de calidad. BPMSU
942 _2ddc
_cBK
999 _c11270
_d11270